000
00249nam a2200109Ia 4500
005
20251222114354.0
008
251222s1900||||xx |||||||||||||| ||spa||
082
_a
DVD0092/N29/2002
245
0
_a
Happening 2002
264
_b
Navarro, Igor
942
_c
DVD
999
_c
1381
_d
1381